Juvenile Diversion and the Family: How Youth and Parents Experience Diversion Programming

Despite extensive research into juvenile justice interventions, there is a limited focus on family engagement, including parent–child experiences in these various programs. Even less research explores how families, specifically youth and parents, are affected by diversion from the traditional juveni...

Full description

Saved in:  
Bibliographic Details
Authors: Magidson, Mark (Author) ; Kidd, Taylor (Author)
Format: Electronic Article
Language:English
Published: 2021
In: Criminal justice and behavior
Year: 2021, Volume: 48, Issue: 11, Pages: 1576-1595
Online Access: Volltext (lizenzpflichtig)
Check availability: HBZ Gateway
Keywords:

MARC

LEADER 00000naa a22000002c 4500
001 1774531828
003 DE-627
005 20211020061633.0
007 cr uuu---uuuuu
008 211020s2021 xx |||||o 00| ||eng c
024 7 |a 10.1177/00938548211013854  |2 doi 
035 |a (DE-627)1774531828 
035 |a (DE-599)KXP1774531828 
040 |a DE-627  |b ger  |c DE-627  |e rda 
041 |a eng 
084 |a 2,1  |2 ssgn 
100 1 |a Magidson, Mark  |e VerfasserIn  |4 aut 
245 1 0 |a Juvenile Diversion and the Family: How Youth and Parents Experience Diversion Programming 
264 1 |c 2021 
336 |a Text  |b txt  |2 rdacontent 
337 |a Computermedien  |b c  |2 rdamedia 
338 |a Online-Ressource  |b cr  |2 rdacarrier 
520 |a Despite extensive research into juvenile justice interventions, there is a limited focus on family engagement, including parent–child experiences in these various programs. Even less research explores how families, specifically youth and parents, are affected by diversion from the traditional juvenile justice system. The current study fills this gap by drawing from in-depth interviews with 19 parents and 19 youths participating in a juvenile pretrial diversion program in Southern California. This research highlights how a diversion program can influence how families understand the justice system and law-related behaviors. The themes discussed include how diversion programs shape parent–child bonds, how parents navigate negative indictments of youth and themselves for participating in diversion, and the influence of external challenges and social forces shaping youth and parent experiences. Findings support the theoretical contributions from social bond and labeling theory. Implications and future research will also be discussed. 
650 4 |a Stigma 
650 4 |a Social bonds 
650 4 |a Qualitative methods 
650 4 |a Perceptions 
650 4 |a Parenting 
650 4 |a Criminological Theory 
650 4 |a Attitudes 
650 4 |a Juvenile Delinquency 
700 1 |a Kidd, Taylor  |e VerfasserIn  |4 aut 
773 0 8 |i Enthalten in  |t Criminal justice and behavior  |d Thousand Oaks, Calif. [u.a.] : Sage Publications, 1974  |g 48(2021), 11, Seite 1576-1595  |h Online-Ressource  |w (DE-627)306656345  |w (DE-600)1500128-3  |w (DE-576)081985487  |x 1552-3594  |7 nnas 
773 1 8 |g volume:48  |g year:2021  |g number:11  |g pages:1576-1595 
856 4 0 |u https://doi.org/10.1177/00938548211013854  |x Resolving-System  |z lizenzpflichtig  |3 Volltext  |7 1 
935 |a mkri 
951 |a AR 
ELC |a 1 
LOK |0 000 xxxxxcx a22 zn 4500 
LOK |0 001 3991487063 
LOK |0 003 DE-627 
LOK |0 004 1774531828 
LOK |0 005 20211020061633 
LOK |0 008 211020||||||||||||||||ger||||||| 
LOK |0 035   |a (DE-2619)KrimDok#2021-10-19#18466966C4B3B6FE6BCAEB2A47D229AFCDAED538 
LOK |0 040   |a DE-2619  |c DE-627  |d DE-2619 
LOK |0 092   |o n 
LOK |0 852   |a DE-2619 
LOK |0 852 1  |9 00 
LOK |0 935   |a zota 
LOK |0 939   |a 20-10-21  |b l01 
ORI |a SA-MARC-krimdoka001.raw